| 000 | 00998nam a2200265 i 4500 | ||
|---|---|---|---|
| 003 | IT-RoINE | ||
| 005 | 20200423132900.0 | ||
| 008 | 920511s1991 sp |r 000|||spa|d | ||
| 020 | _a8476350953 | ||
| 040 |
_aSpMaBN _cSpMaBN IT-RoINE _dIT-RoINE |
||
| 100 | 1 |
_aMartín Abad, Julián, _d1946- _923053 |
|
| 245 | 1 | 3 |
_aLa imprenta en Alcalá de Henares (1502-1600) / _cJulián Martín Abad ; introducción a la "Tipobibliografía española", José Simón Díaz. |
| 260 |
_aMadrid : _bArco Libros,. _c1991. |
||
| 300 |
_a3 v. ; _c25 cm. |
||
| 336 |
_2rdacontent _atext |
||
| 337 |
_2rdamedia _aunmediated |
||
| 338 |
_2rdacarrier _avolume |
||
| 490 | 1 | _aTipobibliografía española | |
| 504 | _aBibliografía: p. 159-191. | ||
| 650 | 4 |
_aImprenta _zEspaña _zAlcalá de Henares _xHistoria _923054 |
|
| 650 | 4 |
_923056 _aLibros antiguos _zEspaña _zAlcalá de Henares _vBibliografía |
|
| 700 | 1 |
_aSimón Díaz, José, _d1920-2012 _915076 |
|
| 830 | 0 |
_aTipobibliografía española _923059 |
|
| 942 | _cMTS | ||
| 999 |
_c11275 _d11275 |
||